LEADER 00950nam a2200241 i 4500 001 991002584449707536 005 20020503170943.0 008 000704s1978 it ||| | ita 035 $ab1038568x-39ule_inst 035 $aEXGIL106414$9ExL 040 $aBiblioteca Interfacoltà$bita 082 0 $a852.9 100 1 $aFilosa, Carlo$0155977 245 10$aEduardo De Filippo :$bpoeta comico del tragico quotidiano :$bsaggio su napoletanità e decadentismo nel teatro di eduardo De Filippo /$cCarlo Filosa 260 $aCasamari, [Veroli] :$bTipografia dell'Abbazia,$c1978 300 $aXVI, 547 p. ;$c22 cm. 650 4$aDe Filippo, Eduardo 907 $a.b1038568x$b02-04-14$c27-06-02 912 $a991002584449707536 945 $aLE002 It. VI N 8$g1$i2002000649782$lle002$o-$pE0.00$q-$rl$s- $t0$u0$v0$w0$x0$y.i10450671$z27-06-02 996 $aEduardo De Filippo$9155917 997 $aUNISALENTO 998 $ale002$b01-01-00$cm$da $e-$fita$git $h0$i1